MDQL
is popping MORE tags! Check the
thread
!
Quizzes
Events
Quiz Creation
Community
Videos
Private Events
Remove Ads
Sign In
Join for FREE
Feedback
Dark Mode
Quiz Categories
Sports
Geography
Music
Movies
Television
Just For Fun
Miscellaneous
History
Literature
Language
Science
Gaming
Entertainment
Religion
Holiday
For Kids
Quiz Lab
Recent
Popular Today
Quiz Kudos Today
Editor Picks
Curator Picks
Quizzes by...
Day
Popularity
Type
Ratings
Length
Year
Community
Subscriptions
Recent Discussions
Orange Saloon
Badges
Playlists
Quests
Create
Leaderboards
Showdown
Live 5
Trivia Bingo
Activity
Puzzle Library
Sporcle Events
Private Events
Virtual Trivia
Globe League
Become a Host
Pub Owners
SporcleCon
Opinionation
Our Games
Videos
Blog
Mobile Apps
Partnerships
Remove Ads and Go Orange
Feedback
Music
Pop Music
The Beatles
Song
Album
Lyrics
Bands
Singers
Artist
Clip
Rock
Rap
Classical
Billboard
Country Music
Kpop
Taylor Swift
Music
Pop Music
The Beatles
Song
Album
Lyrics
Bands
Singers
Artist
Clip
Rock
Rap
Classical
Billboard
Country Music
Kpop
Taylor Swift
Random Quiz
Search Sporcle
×
Quiz Lab
Quiz Lab
Music
Letter
Type in answers that appear in a list
Type in answers that appear in a list
Classic
Best Score? Go Orange.
A-Z Rock Bands Stats
Can you name the bands for every letter of the alphabet?
By
leakythompson
5m
26 Questions
373 Plays
373 Plays
373 Plays
Comments
Comments
Give Quiz Kudos
Give Quiz Kudos
-
- Ratings
hide this ad
Replay
Link that replays current quiz
Next Quiz
Link to next quiz in quiz playlist
You Got
0%
They Got
Avg Score
54%
Avg Friend Score
Upgrade to see
Score Distribution
Jump to the score distribution portion of the page
Score
0/26
Timer
05:00
0
Plays Today
Hint
Band
% Correct
A king's wife
Queen
90.6%
A pastry that is popular at birthday parties
Cake
86.6%
A major organ of the circulatory system
Heart
85.3%
You can open these...or Break On Through
The Doors
83.1%
Look for the answer in a Message In A Bottle
The Police
82%
What Buddhists try to achieve
Nirvana
81.8%
An isolated area of vegetation in a desert
Oasis
78.8%
A trip or voyage
Journey
78.6%
Because 'The Assassins' didn't sound as catchy
The Killers
77.2%
One of the stages of sleep
R.E.M.
74%
Some are bald, and these guys are so old they probably are too
The Eagles
71.8%
Slang term for a person with asthma
Weezer
58.7%
This is given as a penalty in soccer
Yellowcard
54.4%
Hint
Band
% Correct
If you play their album backwords it might tell you the answer
Led Zeppelin
48.8%
A Bond villain who met his demise while on a jet leaving from Fort Knox
Goldfinger
47.2%
The International Police Organization
Interpol
45.3%
This early metal band has had 22 different members
Black Sabbath
43.7%
If dead rock 'n' roll legends rose from the grave and started a band, this would be a fitting title
The Zombies
41.8%
Radioactive Man's sidekick
Fall Out Boy
35.9%
They go through lead singers like they were Kleenex
Van Halen
34.3%
This band abused many things, including umlauts
Mӧtley Crüe
33.5%
A surfing term that means to take a new stance facing in the opposite direction
Switchfoot
24.4%
British new wave band, their sound puts listeners in a state of euphoria
XTC
17.7%
After leaving Kid Rock, this artist attempted to cover the entire musical spectrum in his short career
Uncle Kracker
17.2%
Character in The Neverending Story who had to go on a Great Quest
Atreyu
17.2%
Do you know what the word is? Because it's quite apparent that these guys do
The Trashmen
10.2%
Quiz Playlist
Details
Report
Send in Message
Add To Playlist
Classic:
Type in answers that appear in a list
Last Updated: Feb 16, 2017
Quiz Scoreboard
CHALLENGE
Sign Up to Join the Scoreboard
Show All
Scores
Hide
Comments
May contain spoilers
Recently Published
1-10 Letter E Words III
by El_Dandy
Language
2m
Street Fighter Characters
by Artimus82
Gaming
60s
College Basketball Coaching Resumes
by pancakes188
Sports
9m
More to Explore
Quiz From the Vault
Featured Blog Post
Where Did the Easter Bunny Come From?
hide this ad
You Might Also Like...
Tags
Alphabet Quiz
Bands Quiz
Letter Quiz
Rock Quiz
A-Z
Today's Top Quizzes in Music
Browse Music
hide this ad
Today's Top Quizzes in Letter
Browse Letter
Top Contributed Quizzes in Music
1
Taylor Swift All Songs (2024)
2
Taylor Swift Logic Puzzle
3
Guess the Artist- 70s Songs
4
7-to-1: Billboard Hot 100 #1 Hits of 2010s
5
Sorting Albums and Songs
6
KPOP LOGIC QUIZ
7
Billboard Blitz: Aretha Franklin
8
Guess the Taylor Swift song (Mystery Song)
9
Guess The Taylor Swift Lyrics Song #1
10
Billboard Blitz: ABBA
Explore More
Trending Topics
Marvel
Crossword
Kpop
Disney
NBA
Harry Potter
Anime
Song
Puzzle
WWE
Pokémon
The Office
Country
NFL
Soccer
hide this ad
More By:
leakythompson
Quiz
Plays
Rating
Category
Featured
Created
NBA triple-double leaders (all-time)
1,969
3.33
Sports
Mar 30, 2010
A-Z Rock Bands
373
3.75
Music
Mar 29, 2010
Top Ten Party Schools in the U.S.
219
3.00
Miscellaneous
Mar 29, 2010
Parent/Child Films
98
Movies
Mar 31, 2010
Shaquille O'Neal Movies
84
Movies
Mar 29, 2010
Go to Creator's Profile
Score Distribution
Quiz Creator Spotlight
leakythompson
Follow
Send a Message
Quizzes Created
-
Created Quiz Play Count
-
More By This Creator
Popular Quizzes Today
1
Find the US States - No Outlines Minefield
2
Find the Countries of Europe - No Outlines Minefield
3
The Countries of the World
4
Find the US States
5
Risky Map Clicking: Biggest States A-Z
6
US States
7
Popular People in 1961
8
Movies - When Are They Set?
More Music Quizzes
Neil Young Songs (1968-1979)
Published
Trending Quizzes
Risky Map Clicking: Least Populous States A-Z
1-10 Letter G Words
USA Borders Longest to Shortest
1-10 Letter F Words
Countries of the World: 200 Million BC
Recently Updated
Leaping Animals
pecheneg
Reality TV Shows (A-Z)
bhenderson79
Rickey Henderson's Hall of Fame Teammates
pecheneg
Champions League XIs: Arsenal
pecheneg
Quick Pick: Celebrities in WWE's Hall of Fame
aduchscher
A-Z Keypad Blitz II
pecheneg
Multiple Oscar Actors
pecheneg
Mystery Phrase Blitz: Oscar 'Best Actors'
pecheneg
F. Scott Fitzgerald Novels
LTH
Pick 3 Villains
ddd62291
Trending Topics
NBA
Crossword
Disney
Harry Potter
Anime
Marvel
Kpop
Puzzle
NFL
Soccer
The Office
Country
Pokémon
Song
WWE
Your Account Isn't Verified!
In order to create a playlist on Sporcle, you need to verify the email address you used during registration. Go to your
Sporcle Settings
to finish the process.
Report this User
Report this user for behavior that violates our
Community Guidelines
.
Details:
Send Report
Go to the Sporcle.com Mobile Site →
Comments